| 000 | 01636cam a22002054a 4500 | ||
|---|---|---|---|
| 005 | 20250605164030.0 | ||
| 008 | 250528s ||||||||||||||||||||||||d | ||
| 035 | _a16592 | ||
| 020 | _a9608780837 | ||
| 040 |
_aGR-AtMCL _bgre _dGR-AtMCL _eAACR2 |
||
| 245 | 1 | _aΕγχειρίδιο Στρατηγικής / The Economist | |
| 260 |
_bΚέρκυρα, _c2003 |
||
| 300 | _a294 | ||
| 505 | 0 | _aΕισαγωγή, Δοκίμια, Τι Είναι Στρατηγική;, Ζητήματα του 21ου Αιώνα, Τα Μυστικά της Ανάπτυξης, Σύμβουλοι Στρατηγικής, Παγκοσμοιοποίηση, Παραρτήματα, Κορυφαίες Εταιρίες Συμβούλων Επιχειρήσεων, Συγχωνεύσεις και Εξαγορές στην Ε.Ε., Συγχωνεύσεις και Εξαγορές ανά Κλάδο, Προτεινόμενα Κείμενα για Μελέτη, Ευρετήριο Όρων. | |
| 520 | _aΕισαγωγή, Δοκίμια, Τι Είναι Στρατηγική;, Ζητήματα του 21ου Αιώνα, Τα Μυστικά της Ανάπτυξης, Σύμβουλοι Στρατηγικής, Παγκοσμοιοποίηση, Παραρτήματα, Κορυφαίες Εταιρίες Συμβούλων Επιχειρήσεων, Συγχωνεύσεις και Εξαγορές στην Ε.Ε., Συγχωνεύσεις και Εξαγορές ανά Κλάδο, Προτεινόμενα Κείμενα για Μελέτη, Ευρετήριο Όρων. | ||
| 700 | 1 |
_aHindle Tim _92680 |
|
| 942 | _cBK | ||
| 999 |
_c2075 _d2075 |
||